| 000 | 00992nam0a22002651 4500 | ||
|---|---|---|---|
| 001 | rc\2575073 | ||
| 005 | 20260405201223.0 | ||
| 035 | _a(NLR Aleph) 006739746 | ||
| 090 |
_a5631551 _c5631551 |
||
| 100 | _a20110914d1928 |||y0rusy50 ca | ||
| 101 | 0 | _arus | |
| 102 | _aRU | ||
| 105 | _aa z |||a| | ||
| 200 | 1 |
_aНа опушке _e[Стихи для детей] _fВ. Владимиров _gКартинки М. А. Доброва |
|
| 210 |
_aМосква _cГ. Ф. Мириманов _d1928 _eЛенинград _gлит. "Печать" |
||
| 215 |
_a[12] с. _cкрасочн. ил. _d9х13 см. |
||
| 225 | 1 |
_a[Книжки-малышки] _v№ 15 |
|
| 700 | 1 |
_7ca _8rus _aВладимиров _bВ. Н. _cдетский писатель _f1896-1966 _gВладимир Николаевич _3RU\NLR\auth\7788779 _971707 |
|
| 702 | 1 |
_aДобров _bМ.А. _4440 |
|
| 801 | 0 |
_aRU _bNLR _gpsbo |
|
| 801 | 1 |
_aRU _bELAR _2rusmarc |
|
| 852 |
_aNLR _j92/143 |
||
| 942 | _cBOOK | ||
| 980 | _aNB | ||